Advances in plant reproductive physiology (Record no. 28652)

MARC details
000 -LEADER
fixed length control field 00313nam a2200121Ia 4500
082 ## - DEWEY DECIMAL CLASSIFICATION NUMBER
Classification number 581.1
Item number MAL
100 ## - MAIN ENTRY--AUTHOR NAME
Personal name C P
245 #0 - TITLE STATEMENT
Title Advances in plant reproductive physiology
260 ## - PUBLICATION, DISTRIBUTION, ETC. (IMPRINT)
Place of publication New Delhi
Name of publisher Kalyani
Year of publication 1978
650 ## - SUBJECT ADDED ENTRY--TOPICAL TERM
Topical Term Reproductive physiology
942 ## - ADDED ENTRY ELEMENTS (KOHA)
Koha item type Books
Holdings
Withdrawn status Lost status Damaged status Not for loan Home library Current library Date acquired Full call number Accession Number Koha item type
        RRII Library RRII Library 16/12/2021 581.1 MAL 09247 Books